000 00397nam a2200169Ia 4500
001 11367
003 IN-NITTTR
005 20251114233106.0
008 251113s9999||||xx |||||||||||||| ||eng||
040 _beng
040 _cIN-NITTTR
041 _aeng
082 _a609.1724 R22R
100 _aReddy, Amulya Kumar N.
245 0 _aRural Technology. /
_cReddy, Amulya Kumar N.
942 _2ddc
_cBK
999 _c14003
_d14003